La casa verde
Saved in:
| Main Author: | |
|---|---|
| Format: | Book |
| Language: | Undetermined |
| Published: |
Barcelona, España
Seix Barral
1996
|
| Subjects: | |
| Tags: |
Add Tag
No Tags, Be the first to tag this record!
|
MARC
| LEADER | 00000nam a2200000Ia 4500 | ||
|---|---|---|---|
| 008 | 170316s9999 xx 000 0 und d | ||
| 040 | |a cru BVZT | ||
| 090 | |a 860 V-7ca | ||
| 100 | |a Vargas Llosa, Mario | ||
| 245 | |a La casa verde | ||
| 260 | |a Barcelona, España | ||
| 260 | |b Seix Barral | ||
| 260 | |c 1996 | ||
| 300 | |a 382 páginas | ||
| 650 | |a LITERATURA LATINOAMERICANA | ||
| 650 | |a NOVELA | ||
| 999 | |c 9319 |d 9319 | ||
| 942 | |c 15 D |h 860 V-7ca |2 z | ||
